000 00660cam a2200229 4500500
005 20260405003541.0
041 _afre
042 _adc
100 1 0 _ade Oliveira, Victorine
_eauthor
245 0 0 _aLe maître d’Épictète vu par Pierre Hadot
260 _c2022.
500 _a66
690 _aÉpictète
690 _aExercice
690 _aForce
690 _aLiberté
690 _aPierre Hadot
690 _aPureté
690 _aStoïcisme
786 0 _nPhilosophie magazine | 162 | 9 | 2022-09-01 | p. 43-43 | 1951-1787
856 4 1 _uhttps://shs.cairn.info/magazine-philosophie-magazine-2022-9-page-43?lang=fr&redirect-ssocas=7080
999 _c2068629
_d2068630